01111 2200325 4500001002100000005001500021035002000036007000300056008004100059020002200100082001400122084001600136100003000152245019200182250003400374300004500408650002200453700003300475700003700508504003400545264003200579336002100611337003000632338002300662040002200685090002200707850001200729999002200741990002200763INLIS00000000089580520250502125510 a0010-0525000051ta250502s2024 yoia g ind d a978-623-02-9389-404223a339.5 a339.5 DES i0 aDesy FebriantiePengarang10aImplikasi kebijakan pemerintah terhadap perubahan kelembagaan ekonomi hatchery skala rumah tangga (HSRT) di provinsi Jawa Timur /cDesy Febrianti, Amiqatul Fikriyah, Yulia Estmirar Tanjov aCetakan Pertama, Oktober 2024 ax, 118 halaman :bbagan, grafik ;c23 cm 4aKebijakan ekonomi0 aAmiqatul FikriyahePengarang0 aYulia Estmirar TanjovePengarang aBibliografi : halaman 105-11531aSleman :bDeepublish,c2024 2rdacontentateks 2rdamediaatanpa perantara 2rdacarrieravolume aYOPDYOGbinderda aCB-D.11 2024-6386 aYOPDYOG aCB-D.11/2024-6386 aCB-D.11/2024-6386